[Event "Hastings Masters op"]
[Site "Hastings"]
[Date "2024.01.04"]
[Round "8"]
[White "Flynn, David"]
[Black "Moracchini, Margaux"]
[Result "0-1"]
[WhiteElo "1791"]
[BlackElo "1922"]
[PlyCount "114"]
[EventDate "2023.12.28"]
[EventType "swiss"]
[EventRounds "9"]
[EventCountry "ENG"]
[SourceTitle "CB02_2024"]
[SourceDate "2024.01.10"]
[SourceVersion "1"]
[SourceVersionDate "2024.01.10"]
[SourceQuality "1"]

1. e4 c5 2. Nc3 d6 3. f4 g6 4. Nf3 Bg7 5. d4 cxd4 6. Nxd4 Nc6 7. Bb5 Bd7 8. Be3 Nf6 9. Qd2 0-0 10. 0-0-0 Nxd4 11. Bxd7 Nxc2 12. Qxc2 Qxd7 13. e5 Qe6 14. Bd4 dxe5 15. Bxe5 b5 16. Rhe1 Rac8 17. a3 a5 18. Bc7 Qg4 19. h3 Qh4 20. Bxa5 Qxf4+ 21. Kb1 e6 22. Bb4 Rfe8 23. Qe2 Rc4 24. Rf1 Qh4 25. Qf3 g5 26. Qb7 Qh5 27. Qxb5 Qg6+ 28. Ka2 Rcc8 29. Qe2 Nd5 30. Nxd5 exd5 31. Qd3 Qxd3 32. Rxd3 Rc2 33. Rb1 Ree2 34. Rb3 Rxg2 35. a4 f5 36. a5 Rc6 37. Ka3 g4 38. hxg4 fxg4 39. Ka4 Re2 40. Rg3 h5 41. Kb5 Rc8 42. Bd6 Kf7 43. b4 Ke6 44. Bf4 Bd4 45. Rd3 Re4 46. Bg3 Bf6 47. Rbd1 h4 48. Be1 d4 49. Kb6 Kd5 50. Kb7 Rce8 51. Bf2 R4e7+ 52. Ka6 Ra8+ 53. Kb5 Re4 54. a6 g3 55. Bxg3 hxg3 56. Rxg3 Re6 57. Ra3 Rb8+ 0-1

[Event "Hastings Masters op"]
[Site "Hastings"]
[Date "2024.01.02"]
[Round "6"]
[White "Ruane, Brendan J"]
[Black "Moracchini, Margaux"]
[Result "0-1"]
[WhiteElo "1823"]
[BlackElo "1922"]
[PlyCount "76"]
[EventDate "2023.12.28"]
[EventType "swiss"]
[EventRounds "9"]
[EventCountry "ENG"]
[SourceTitle "CB02_2024"]
[SourceDate "2024.01.10"]
[SourceVersion "1"]
[SourceVersionDate "2024.01.10"]
[SourceQuality "1"]

1. e4 c5 2. Nf3 d6 3. Bb5+ Nd7 4. 0-0 a6 5. Bd3 g6 6. c3 Bg7 7. a4 b6 8. Bc4 e6 9. d4 cxd4 10. cxd4 Ne7 11. Nc3 0-0 12. Bf4 Nb8 13. d5 e5 14. Be3 h6 15. Nd2 f5 16. f4 exf4 17. Bxf4 g5 18. Bg3 f4 19. Bf2 Nd7 20. Nb3 Ne5 21. Be2 N7g6 22. Nd4 g4 23. Nf5 h5 24. Nxg7 Kxg7 25. Qd4 f3 26. Bc4 fxg2 27. Kxg2 Kh7 28. Ne2 h4 29. Be3 Nf3 30. Qxb6 Qe7 31. Bd3 Nge5 32. Rac1 Nxd3 33. Rc7 Bd7 34. Qc6 h3+ 35. Kh1 Nfe5 36. Rxf8 Rxf8 37. Qxa6 Rf1+ 38. Ng1 Qf7 0-1

[Event "Hastings Masters op"]
[Site "Hastings"]
[Date "2023.12.31"]
[Round "4"]
[White "Butt, Laurence"]
[Black "Moracchini, Margaux"]
[Result "0-1"]
[WhiteElo "1688"]
[BlackElo "1922"]
[PlyCount "84"]
[EventDate "2023.12.28"]
[EventType "swiss"]
[EventRounds "9"]
[EventCountry "ENG"]
[SourceTitle "CB02_2024"]
[SourceDate "2024.01.10"]
[SourceVersion "1"]
[SourceVersionDate "2024.01.10"]
[SourceQuality "1"]

1. d4 Nf6 2. Bg5 d5 3. Nc3 h6 4. Bf4 c5 5. e3 Qa5 6. Bxb8 Rxb8 7. Bb5+ Bd7 8. Bxd7+ Nxd7 9. dxc5 e6 10. a3 Qxc5 11. Nge2 Nf6 12. 0-0 Bd6 13. b4 Qc6 14. Qd3 Rc8 15. Rac1 0-0 16. Rfd1 Rfd8 17. Nb5 Bb8 18. c4 a6 19. Nbd4 Qc7 20. c5 Qxh2+ 21. Kf1 Qh1+ 22. Ng1 Ng4 23. Nde2 Nh2+ 24. Ke1 Qxg2 25. Kd2 Qxf2 26. Kc3 Ng4 27. Kb3 Qxe3 28. a4 Qxd3+ 29. Rxd3 Ne5 30. Rdd1 g5 31. Nd4 Nc4 32. Ngf3 Bf4 33. Rxc4 dxc4+ 34. Kc2 e5 35. Nf5 Rxd1 36. Kxd1 Rd8+ 37. Kc2 e4 38. N3d4 e3 39. Nxh6+ Kg7 40. Nhf5+ Kf6 41. b5 axb5 42. axb5 e2 0-1

[Event "Wch U20 Girls 39th"]
[Site "Mexico City"]
[Date "2023.10.01"]
[Round "11"]
[White "Moracchini, Margaux"]
[Black "Goraj, Barbara"]
[Result "0-1"]
[WhiteElo "1897"]
[BlackElo "2135"]
[PlyCount "68"]
[EventDate "2023.09.21"]
[EventType "swiss"]
[EventRounds "11"]
[EventCountry "MEX"]
[SourceTitle "EXT 2024"]
[Source "ChessBase"]
[SourceDate "2023.10.10"]
[SourceVersion "1"]
[SourceVersionDate "2023.10.10"]
[SourceQuality "1"]

1. g3 d5 2. d4 Nf6 3. Bg2 e6 4. c4 c6 5. cxd5 exd5 6. Nf3 Bd6 7. Qc2 0-0 8. 0-0 Re8 9. Nc3 Bg4 10. Bg5 h6 11. Bxf6 Qxf6 12. Rad1 Nd7 13. Rd2 Qe6 14. Nh4 g5 15. Nf3 Nf6 16. Ne1 Bf5 17. Qb3 Re7 18. e3 Kg7 19. Nd3 b6 20. Re1 h5 21. Qa4 Qd7 22. b4 b5 23. Qb3 h4 24. Rc1 hxg3 25. hxg3 Rh8 26. Nc5 Bxc5 27. dxc5 Bh3 28. Bf3 Qf5 29. Qd1 Qh7 30. Rd4 Bg4 31. Rb1 Ne4 32. Rxe4 dxe4 33. Qd4+ f6 34. Bxe4 Rxe4 0-1

[Event "Wch U20 Girls 39th"]
[Site "Mexico City"]
[Date "2023.09.30"]
[Round "10"]
[White "Hryzlova, Sofiia"]
[Black "Moracchini, Margaux"]
[Result "1-0"]
[WhiteElo "2228"]
[BlackElo "1897"]
[PlyCount "63"]
[EventDate "2023.09.21"]
[EventType "swiss"]
[EventRounds "11"]
[EventCountry "MEX"]
[SourceTitle "EXT 2024"]
[Source "ChessBase"]
[SourceDate "2023.10.10"]
[SourceVersion "1"]
[SourceVersionDate "2023.10.10"]
[SourceQuality "1"]

1. d4 d5 2. c4 dxc4 3. Nf3 Nf6 4. g3 e6 5. Bg2 Be7 6. Nc3 0-0 7. Ne5 c5 8. dxc5 Qc7 9. Nxc4 Bxc5 10. 0-0 Bxf2+ 11. Rxf2 Qxc4 12. Rxf6 gxf6 13. Bh6 Nc6 14. Bxf8 Kxf8 15. e3 Kg7 16. Ne4 e5 17. Qh5 Qe6 18. Nf2 Qf5 19. Qe2 a6 20. Rd1 Qe6 21. Ne4 f5 22. Nd6 e4 23. Bh3 Qg6 24. Ne8+ Kf8 25. Nc7 Rb8 26. Nd5 Ne5 27. Nf4 Qb6 28. Kh1 Nf3 29. Bg2 Ne5 30. Qh5 Kg8 31. Qg5+ Ng6 32. Rd8+ 1-0

[Event "Wch U20 Girls 39th"]
[Site "Mexico City"]
[Date "2023.09.22"]
[Round "3"]
[White "Moracchini, Margaux"]
[Black "Viana, Valeria"]
[Result "1/2-1/2"]
[WhiteElo "1897"]
[BlackElo "1620"]
[PlyCount "89"]
[EventDate "2023.09.21"]
[EventType "swiss"]
[EventRounds "11"]
[EventCountry "MEX"]
[SourceTitle "EXT 2024"]
[Source "ChessBase"]
[SourceDate "2023.10.10"]
[SourceVersion "1"]
[SourceVersionDate "2023.10.10"]
[SourceQuality "1"]

1. e4 c6 2. d4 d5 3. e5 Bf5 4. Nd2 e6 5. Nb3 Nd7 6. Nf3 h6 7. Be2 Ne7 8. 0-0 Nc8 9. Re1 Be7 10. Be3 Qc7 11. Qd2 a6 12. a4 Na7 13. Nc5 Qb6 14. b4 Nc8 15. Reb1 Qc7 16. Qc3 0-0 17. Bf4 a5 18. bxa5 Bxc5 19. dxc5 Qxa5 20. Qxa5 Rxa5 21. Rxb7 Nxc5 22. Rc7 Rxa4 23. Rxa4 Nxa4 24. Rxc6 Ne7 25. Rc7 Ng6 26. Be3 Rb8 27. h3 Nb6 28. Bd4 Nf4 29. Bf1 g5 30. Kh2 Bg6 31. g3 Nh5 32. Be2 Ng7 33. g4 Ne8 34. Re7 Nc4 35. Bxc4 dxc4 36. c3 Rc8 37. Bb6 Kf8 38. Ra7 Be4 39. Nd4 Bd5 40. Ba5 Kg8 41. Bb4 Ra8 42. Re7 Ng7 43. Kg3 Ra1 44. f3 Re1 45. Kf2 1/2-1/2

[Event "FRA-ch U18/20 Girls"]
[Site "Agen"]
[Date "2023.04.28"]
[Round "7"]
[White "Moracchini, Margaux"]
[Black "Destic, Elena"]
[Result "1/2-1/2"]
[WhiteElo "2022"]
[BlackElo "1831"]
[PlyCount "129"]
[EventDate "2023.04.23"]
[EventType "swiss"]
[EventRounds "9"]
[EventCountry "FRA"]
[SourceTitle "CBM 214 Extra"]
[Source "ChessBase"]
[SourceDate "2023.07.31"]
[SourceVersion "1"]
[SourceVersionDate "2023.07.31"]
[SourceQuality "1"]

1. e4 c6 2. d4 d5 3. e5 Bf5 4. Nd2 e6 5. Nb3 Nd7 6. Nf3 a5 7. a4 h6 8. Bd2 Ne7 9. Be2 Qc7 10. 0-0 c5 11. Nxc5 Nxc5 12. dxc5 Nc6 13. Be3 Be7 14. Qd2 0-0 15. c3 Nxe5 16. Nxe5 Qxe5 17. b4 Rfc8 18. Bf4 Qf6 19. Qe3 Qg6 20. Bb5 Bf6 21. Rac1 axb4 22. cxb4 d4 23. Qg3 Qxg3 24. Bxg3 d3 25. Rfd1 Bb2 26. Rb1 Bc3 27. Rb3 Bf6 28. Bd6 e5 29. Bxd3 Bxd3 30. Rdxd3 Rxa4 31. h3 Ra1+ 32. Kh2 Ra2 33. Kg3 h5 34. Re3 h4+ 35. Kf3 Re8 36. Re4 Rd2 37. Rbe3 Rb2 38. Re2 Rb3+ 39. R2e3 Rb2 40. Re2 Rb3+ 41. Kg4 g6 42. R2e3 Rb2 43. Kf3 Ra8 44. Re2 Rb3+ 45. Kg4 Bd8 46. Rxe5 Rxb4+ 47. Kf3 Rb3+ 48. R2e3 Rxe3+ 49. Rxe3 Bf6 50. Rb3 Ra7 51. Rd3 Kg7 52. Bc7 Ra4 53. Rb3 Rc4 54. Bd6 Rc3+ 55. Rxc3 Bxc3 56. Be7 Bd4 57. g3 hxg3 58. fxg3 f6 59. Ke4 Bf2 60. g4 Kf7 61. Bd6 Ke6 62. Bf8 Kf7 63. Bd6 Ke6 64. Kf3 Bd4 65. Ke4 1/2-1/2

[Event "FRA-ch U18/20 Girls"]
[Site "Agen"]
[Date "2023.04.27"]
[Round "6"]
[White "Courjal, Pauline"]
[Black "Moracchini, Margaux"]
[Result "0-1"]
[WhiteElo "1904"]
[BlackElo "2022"]
[PlyCount "93"]
[EventDate "2023.04.23"]
[EventType "swiss"]
[EventRounds "9"]
[EventCountry "FRA"]
[SourceTitle "CBM 214 Extra"]
[Source "ChessBase"]
[SourceDate "2023.07.31"]
[SourceVersion "1"]
[SourceVersionDate "2023.07.31"]
[SourceQuality "1"]

1. d4 Nf6 2. c4 d6 3. g3 g6 4. Bg2 Bg7 5. Nc3 0-0 6. Nf3 Nbd7 7. 0-0 e5 8. e4 b6 9. d5 Nc5 10. Re1 a5 11. Qc2 Bd7 12. Be3 Ng4 13. h3 Nxe3 14. fxe3 f5 15. exf5 gxf5 16. e4 Qf6 17. Nd2 f4 18. g4 h5 19. Bf3 Qh4 20. Re2 Kf7 21. Rh2 Rh8 22. gxh5 Rag8 23. Kh1 Bh6 24. Ne2 Rg3 25. Ng1 Rhg8 26. Nb3 Rxg1+ 27. Rxg1 Rxg1+ 28. Kxg1 Qe1+ 29. Kg2 Qg3+ 30. Kh1 Qxf3+ 31. Qg2 Qd1+ 32. Qg1 Qxg1+ 33. Kxg1 Nxe4 34. Rg2 Ng3 35. h4 Nxh5 36. Nd2 Bf5 37. Nf3 Ng3 38. Ng5+ Kf6 39. Kf2 e4 40. Rh2 Bg4 41. Nh7+ Kg6 42. Ng5 Bxg5 43. hxg5 Bh5 44. a3 Kxg5 45. b4 e3+ 46. Ke1 f3 47. Rh1 0-1

[Event "FRA-ch U18/20 Girls"]
[Site "Agen"]
[Date "2023.04.26"]
[Round "5"]
[White "Tomas, Maureen"]
[Black "Moracchini, Margaux"]
[Result "0-1"]
[WhiteElo "1380"]
[BlackElo "2022"]
[PlyCount "98"]
[EventDate "2023.04.23"]
[EventType "swiss"]
[EventRounds "9"]
[EventCountry "FRA"]
[SourceTitle "CBM 214 Extra"]
[Source "ChessBase"]
[SourceDate "2023.07.31"]
[SourceVersion "1"]
[SourceVersionDate "2023.07.31"]
[SourceQuality "1"]

1. c4 Nf6 2. Nc3 d6 3. g3 g6 4. Bg2 Bg7 5. d3 0-0 6. Nf3 e5 7. 0-0 c6 8. Rb1 Nbd7 9. b4 Re8 10. Qc2 a6 11. a4 d5 12. cxd5 cxd5 13. Bg5 h6 14. Nxd5 hxg5 15. Nc7 Rb8 16. Nxe8 Nxe8 17. Rfc1 Nf8 18. b5 axb5 19. Rxb5 Nd6 20. Rb4 Ne6 21. Nd2 Nd4 22. Qd1 Bg4 23. f3 Be6 24. e3 N4f5 25. Kf2 Qa5 26. Rcb1 Qa7 27. Qe2 Bf8 28. g4 Ne7 29. Ne4 Nd5 30. Nxg5 Nxb4 31. Nxe6 Nd5 32. Nxf8 Kxf8 33. Qd2 Rc8 34. Rc1 Rxc1 35. Qxc1 Qxa4 36. f4 Nb4 37. Qc3 exf4 38. exf4 Qc2+ 39. Qxc2 Nxc2 40. h4 f6 41. h5 gxh5 42. gxh5 Kg7 43. Bf3 Nd4 44. Bd1 N6f5 45. Ke1 Ne3 46. Be2 Ng2+ 47. Kd2 Nxe2 48. Kxe2 Nxf4+ 49. Ke3 Nxd3 0-1

[Event "FRA-ch U18/20 Girls"]
[Site "Agen"]
[Date "2023.04.25"]
[Round "4"]
[White "Moracchini, Margaux"]
[Black "Djidjeli, Sarah"]
[Result "0-1"]
[WhiteElo "2022"]
[BlackElo "2028"]
[PlyCount "74"]
[EventDate "2023.04.23"]
[EventType "swiss"]
[EventRounds "9"]
[EventCountry "FRA"]
[SourceTitle "CBM 214 Extra"]
[Source "ChessBase"]
[SourceDate "2023.07.31"]
[SourceVersion "1"]
[SourceVersionDate "2023.07.31"]
[SourceQuality "1"]

1. e4 c5 2. Nc3 e6 3. Nf3 Nc6 4. Bb5 Nge7 5. d4 cxd4 6. Nxd4 Nxd4 7. Qxd4 a6 8. Be2 Nc6 9. Qd1 Be7 10. Be3 b5 11. Qd2 Qa5 12. 0-0 0-0 13. f4 b4 14. Nd1 d5 15. exd5 Qxd5 16. Qxd5 exd5 17. Bf3 Be6 18. c4 bxc3 19. Nxc3 Rad8 20. Bb6 Rb8 21. Na4 Rxb6 22. Nxb6 Bc5+ 23. Kh1 Bxb6 24. f5 Bxf5 25. Bxd5 Nd4 26. Rad1 Be6 27. Bxe6 fxe6 28. Rxf8+ Kxf8 29. g4 Ke7 30. Kg2 e5 31. Kg3 Ke6 32. Rd2 Kd5 33. Rf2 e4 34. Rf7 e3 35. Rb7 e2 36. Kf2 Kc6 37. Rb8 Kc7 0-1

[Event "Sitges Sunway op 9th"]
[Site "Sitges"]
[Date "2022.12.17"]
[Round "6"]
[White "De Santis, Alessio"]
[Black "Moracchini, Margaux"]
[Result "1-0"]
[WhiteElo "2159"]
[BlackElo "2046"]
[PlyCount "101"]
[EventDate "2022.12.12"]
[EventType "swiss"]
[EventRounds "10"]
[EventCountry "ESP"]
[SourceTitle "CBM 211 Extra"]
[Source "ChessBase"]
[SourceDate "2023.01.31"]
[SourceVersion "1"]
[SourceVersionDate "2023.01.31"]
[SourceQuality "1"]

1. d4 d6 2. Nf3 Nd7 3. e4 c5 4. d5 Ngf6 5. Nc3 g6 6. Be2 Bg7 7. 0-0 0-0 8. a4 b6 9. h3 a6 10. Bg5 h6 11. Bf4 Ne8 12. Qd2 Kh7 13. Rfe1 Ne5 14. Nxe5 dxe5 15. Be3 f5 16. f3 f4 17. Bf2 Qc7 18. d6 exd6 19. Nd5 Qd8 20. a5 b5 21. Nb6 Rb8 22. Red1 Qc7 23. c4 b4 24. Qd3 Be6 25. Rd2 Bf6 26. Bd1 Be7 27. Ba4 Nf6 28. Bh4 g5 29. Bf2 Kg7 30. Kf1 Rfd8 31. Bc2 Bf8 32. Ke2 Qf7 33. Bb3 Ne8 34. Ke1 Nc7 35. Rad1 Nb5 36. cxb5 Bxb3 37. bxa6 c4 38. Qd5 c3 39. Qxf7+ Kxf7 40. bxc3 bxc3 41. Rd3 Bxd1 42. Kxd1 Be7 43. Rxc3 d5 44. exd5 Bd6 45. a7 Ra8 46. Nxa8 Rxa8 47. Rb3 Ke7 48. Rb7+ Kf6 49. Rd7 Ba3 50. Bb6 Be7 51. d6 1-0

[Event "Sitges Sunway op 9th"]
[Site "Sitges"]
[Date "2022.12.12"]
[Round "1"]
[White "Moracchini, Margaux"]
[Black "Fataliyeva, Ulviyya Hasil Qizi"]
[Result "0-1"]
[WhiteElo "2046"]
[BlackElo "2428"]
[PlyCount "54"]
[EventDate "2022.12.12"]
[EventType "swiss"]
[EventRounds "10"]
[EventCountry "ESP"]
[SourceTitle "CBM 211 Extra"]
[Source "ChessBase"]
[SourceDate "2023.01.31"]
[SourceVersion "1"]
[SourceVersionDate "2023.01.31"]
[SourceQuality "1"]

1. e4 e6 2. d4 d5 3. exd5 exd5 4. Nf3 Nf6 5. Bd3 c5 6. 0-0 c4 7. Re1+ Be7 8. Bf1 0-0 9. b3 cxb3 10. axb3 Nc6 11. h3 Bf5 12. Ba3 Qc7 13. Bxe7 Nxe7 14. c4 a6 15. Nbd2 Nc6 16. Re3 Rfe8 17. Rxe8+ Rxe8 18. Nb1 Be4 19. Be2 Bxf3 20. gxf3 Qf4 21. Nc3 Nxd4 22. Ra2 Re5 23. cxd5 Rg5+ 24. Kh1 Nxe2 25. Qxe2 Qf5 26. Kh2 Rh5 27. Qf1 Qf4+ 0-1

[Event "Biel (Women)"]
[Site "Biel"]
[Date "2022.07.20"]
[Round "5"]
[White "Moracchini, Margaux"]
[Black "Zhuang, Yongzhe"]
[Result "0-1"]
[WhiteElo "1937"]
[BlackElo "1838"]
[PlyCount "68"]
[EventDate "2022.07.14"]
[EventType "tourn"]
[EventRounds "7"]
[EventCountry "SUI"]
[SourceTitle "EXT 2024"]
[Source "ChessBase"]
[SourceDate "2023.10.10"]
[SourceVersion "1"]
[SourceVersionDate "2023.10.10"]
[SourceQuality "1"]

1. e4 e5 2. Nf3 Nf6 3. Nc3 Nc6 4. d4 exd4 5. Nxd4 Bb4 6. Nxc6 bxc6 7. Bd3 d6 8. Bg5 h6 9. Bh4 g5 10. Bg3 Qe7 11. 0-0 Ng4 12. Ne2 h5 13. Nd4 Bd7 14. Nf5 Qf6 15. c3 Bc5 16. Bc2 Rd8 17. Qe2 Kf8 18. h3 Bxf5 19. exf5 Re8 20. Qc4 Nh6 21. b4 Bb6 22. Qxc6 h4 23. Bh2 g4 24. hxg4 Nxg4 25. Qf3 Ne3 26. Ba4 Nxf1 27. Bxe8 Nxh2 28. Kxh2 Kxe8 29. Re1+ Kd7 30. b5 d5 31. Kg1 Qd6 32. f6 h3 33. g3 Rg8 34. Rd1 Rxg3+ 0-1

[Event "Biel Blitz (Women)"]
[Site "Biel"]
[Date "2022.07.17"]
[Round "7"]
[White "Avilova, Yulia"]
[Black "Moracchini, Margaux"]
[Result "1-0"]
[WhiteElo "1597"]
[BlackElo "1825"]
[PlyCount "101"]
[EventDate "2022.01.17"]
[EventType "tourn (blitz)"]
[EventRounds "14"]
[EventCountry "SUI"]
[SourceTitle "EXT 2024"]
[Source "ChessBase"]
[SourceDate "2023.10.10"]
[SourceVersion "1"]
[SourceVersionDate "2023.10.10"]
[SourceQuality "1"]

1. Nf3 Nf6 2. c4 g6 3. d4 d6 4. Nc3 Bg7 5. e4 0-0 6. Be2 e5 7. d5 a5 8. 0-0 Na6 9. Rb1 Nc5 10. Nd2 Ne8 11. a3 f5 12. f3 Nf6 13. b4 axb4 14. axb4 Ncd7 15. Nb3 Nh5 16. Be3 Nf4 17. c5 Qg5 18. Bxf4 exf4 19. Nb5 Qd8 20. c6 bxc6 21. dxc6 Nb6 22. N3d4 fxe4 23. fxe4 Kh8 24. Qb3 Qe7 25. Bf3 Be5 26. Ra1 Rxa1 27. Rxa1 g5 28. Ra7 Qg7 29. Rxc7 Bxd4+ 30. Kf1 Qe5 31. Qd3 Be6 32. Qxd4 Bc4+ 33. Be2 Bxe2+ 34. Kxe2 Qxd4 35. Nxd4 Re8 36. Kf3 Nc4 37. Nb3 h5 38. h3 Ne5+ 39. Ke2 Nc4 40. Kd3 Ne5+ 41. Kd4 f3 42. gxf3 Nxf3+ 43. Ke3 Ne5 44. b5 Nc4+ 45. Kd4 Ne5 46. b6 Nf3+ 47. Ke3 g4 48. hxg4 hxg4 49. b7 Ne5 50. Rc8 Nc4+ 51. Kd4 1-0

[Event "Biel Blitz (Women)"]
[Site "Biel"]
[Date "2022.07.17"]
[Round "13"]
[White "Moracchini, Margaux"]
[Black "Avilova, Yulia"]
[Result "0-1"]
[WhiteElo "1825"]
[BlackElo "1597"]
[PlyCount "81"]
[EventDate "2022.01.17"]
[EventType "tourn (blitz)"]
[EventRounds "14"]
[EventCountry "SUI"]
[SourceTitle "EXT 2024"]
[Source "ChessBase"]
[SourceDate "2023.10.10"]
[SourceVersion "1"]
[SourceVersionDate "2023.10.10"]
[SourceQuality "1"]

1. e4 c5 2. c3 d6 3. d4 cxd4 4. cxd4 Nf6 5. Nc3 e6 6. g3 a6 7. a4 Be7 8. Bg2 0-0 9. Nge2 Qc7 10. 0-0 Nc6 11. h3 b6 12. Be3 Bb7 13. f4 e5 14. d5 Nb8 15. fxe5 dxe5 16. Rc1 Qd8 17. Qb3 Nbd7 18. Kh2 Nc5 19. Qc2 Rc8 20. g4 Qd7 21. Ng3 b5 22. axb5 axb5 23. Qe2 b4 24. Bxc5 Bxc5 25. Nd1 Qd6 26. g5 Ba6 27. Qf3 Bxf1 28. gxf6 Bxg2 29. Qxg2 Qxf6 30. Nh5 Qh6 31. Ng3 Qxc1 32. Nf5 Qf4+ 33. Kh1 g5 34. h4 f6 35. hxg5 fxg5 36. Nh6+ Kh8 37. b3 Qh4+ 38. Qh2 Rf1+ 39. Kg2 Rg1+ 40. Qxg1 Bxg1 41. Kxg1 0-1

[Event "Biel Blitz (Women)"]
[Site "Biel"]
[Date "2022.07.17"]
[Round "11"]
[White "Moracchini, Margaux"]
[Black "Tamrazyan, Gohar"]
[Result "1-0"]
[WhiteElo "1825"]
[BlackElo "1733"]
[PlyCount "129"]
[EventDate "2022.01.17"]
[EventType "tourn (blitz)"]
[EventRounds "14"]
[EventCountry "SUI"]
[SourceTitle "EXT 2024"]
[Source "ChessBase"]
[SourceDate "2023.10.10"]
[SourceVersion "1"]
[SourceVersionDate "2023.10.10"]
[SourceQuality "1"]

1. e4 c5 2. c3 d5 3. exd5 Qxd5 4. d4 Nc6 5. Nf3 Bg4 6. Be2 cxd4 7. cxd4 e6 8. Nc3 Qa5 9. 0-0 Nf6 10. h3 Bh5 11. Be3 Be7 12. Qb3 Qb4 13. Qc2 0-0 14. a3 Qa5 15. b4 Qd8 16. Rfd1 Nd5 17. Nxd5 Qxd5 18. Bc4 Qd6 19. d5 Bxf3 20. gxf3 Ne5 21. dxe6 Nxf3+ 22. Kg2 Nh4+ 23. Kf1 Qh2 24. exf7+ Kh8 25. Qe4 Qxh3+ 26. Ke2 Bf6 27. Rh1 Qf5 28. Qxf5 Nxf5 29. Rad1 Nxe3 30. fxe3 a6 31. Rd7 b5 32. Bb3 h6 33. Rhd1 Kh7 34. Bc2+ g6 35. R1d6 Kg7 36. Bb3 g5 37. Rc6 Rfd8 38. Rdd6 Rxd6 39. Rxd6 Be7 40. Rc6 Bf8 41. Kf3 a5 42. Rb6 axb4 43. axb4 Bxb4 44. Rxb5 Bf8 45. Bd5 Ra3 46. Rb7 Bc5 47. Rb3 Ra7 48. Kg4 Re7 49. e4 Rd7 50. Rf3 Kf8 51. Kh5 Rd6 52. Rf5 Ra6 53. Rf3 Be7 54. Kg4 Rg6 55. Rf5 Rf6 56. Rxf6 Bxf6 57. Kh5 Ke7 58. Kxh6 g4 59. Kh7 g3 60. e5 Bxe5 61. Kg8 g2 62. Bxg2 Bd6 63. f8Q+ Ke6 64. Qf7+ Ke5 65. Qd5+ 1-0

[Event "Biel Blitz (Women)"]
[Site "Biel"]
[Date "2022.07.17"]
[Round "5"]
[White "Moracchini, Margaux"]
[Black "Zhuang, Yongzhe"]
[Result "1-0"]
[WhiteElo "1825"]
[BlackElo "1681"]
[PlyCount "73"]
[EventDate "2022.01.17"]
[EventType "tourn (blitz)"]
[EventRounds "14"]
[EventCountry "SUI"]
[SourceTitle "EXT 2024"]
[Source "ChessBase"]
[SourceDate "2023.10.10"]
[SourceVersion "1"]
[SourceVersionDate "2023.10.10"]
[SourceQuality "1"]

1. e4 e5 2. Nf3 Nf6 3. Nxe5 d6 4. Nf3 Nxe4 5. Nc3 Nxc3 6. dxc3 Be7 7. Bd3 Nd7 8. Bf4 Nc5 9. Qd2 Nxd3+ 10. cxd3 0-0 11. 0-0 d5 12. Rfe1 c5 13. d4 c4 14. Bg5 Bxg5 15. Qxg5 h6 16. Qxd8 Rxd8 17. Re7 b5 18. Ne5 Be6 19. Nc6 Rd7 20. Rxd7 Bxd7 21. Ne7+ Kf8 22. Nxd5 Re8 23. Kf1 Bf5 24. Ne3 Bd3+ 25. Ke1 f5 26. g3 g5 27. Kd2 f4 28. gxf4 gxf4 29. Nd1 Re2+ 30. Kc1 Rc2+ 31. Kb1 Rxf2+ 32. Kc1 Rc2+ 33. Kb1 Rxh2+ 34. Kc1 Rh1 35. a4 Be2 36. Kd2 Bxd1 37. Rxd1 1-0

[Event "Biel (Women)"]
[Site "Biel"]
[Date "2022.07.16"]
[Round "3"]
[White "Moracchini, Margaux"]
[Black "Sumarriva Paulin, Laura"]
[Result "1-0"]
[WhiteElo "1937"]
[BlackElo "1913"]
[PlyCount "133"]
[EventDate "2022.07.14"]
[EventType "tourn"]
[EventRounds "7"]
[EventCountry "SUI"]
[SourceTitle "EXT 2024"]
[Source "ChessBase"]
[SourceDate "2023.10.10"]
[SourceVersion "1"]
[SourceVersionDate "2023.10.10"]
[SourceQuality "1"]

1. e4 e6 2. d4 d5 3. Nd2 Be7 4. Ne2 c5 5. exd5 Qxd5 6. Nf3 Nf6 7. Nc3 Qd8 8. Bb5+ Bd7 9. dxc5 Bxc5 10. Bxd7+ Nbxd7 11. 0-0 0-0 12. Bg5 Rc8 13. Ne4 Be7 14. Ned2 Qb6 15. b3 Rfd8 16. c4 h6 17. Be3 Bc5 18. Bxc5 Nxc5 19. Qe2 Rd3 20. Ne5 Rd6 21. Rfd1 Rcd8 22. Nf1 Nce4 23. Rxd6 Qxd6 24. Nf3 a6 25. Ne3 Nc3 26. Qc2 Qd3 27. Qxd3 Rxd3 28. Kf1 Nfe4 29. Ke1 b5 30. cxb5 Nxb5 31. Ke2 Rd8 32. Nc4 Nbc3+ 33. Ke1 f6 34. Nfd2 Nc5 35. Nb2 Nd3+ 36. Nxd3 Rxd3 37. Nc4 Kf7 38. Nb2 Rd8 39. Nd1 Nxd1 40. Rxd1 Rxd1+ 41. Kxd1 Ke7 42. Kd2 Kd6 43. b4 Kd5 44. Kd3 e5 45. a4 f5 46. f3 h5 47. h4 g6 48. g3 Kc6 49. Kc4 Kd6 50. b5 axb5+ 51. axb5 f4 52. gxf4 exf4 53. Kd3 Kd5 54. b6 Kc6 55. Ke4 Kxb6 56. Kxf4 Kc6 57. Kg5 Kd6 58. Kxg6 Ke6 59. Kxh5 Kf5 60. f4 Kf6 61. Kg4 Kg6 62. f5+ Kf6 63. Kf4 Kf7 64. Kg5 Kg7 65. f6+ Kh7 66. Kh5 Kh8 67. Kg6 1-0

[Event "Biel Rapid (Women)"]
[Site "Biel"]
[Date "2022.07.12"]
[Round "2"]
[White "Avilova, Yulia"]
[Black "Moracchini, Margaux"]
[Result "0-1"]
[WhiteElo "1375"]
[BlackElo "1823"]
[PlyCount "75"]
[EventDate "2022.07.12"]
[EventType "tourn (rapid)"]
[EventRounds "7"]
[EventCountry "SUI"]
[SourceTitle "EXT 2024"]
[Source "ChessBase"]
[SourceDate "2023.10.10"]
[SourceVersion "1"]
[SourceVersionDate "2023.10.10"]
[SourceQuality "1"]

1. Nf3 Nf6 2. c4 g6 3. d4 Bg7 4. Nc3 d6 5. e4 0-0 6. Be2 e5 7. d5 a5 8. 0-0 Na6 9. a3 Nc5 10. Qc2 Qe7 11. Rb1 Ncxe4 12. Nxe4 Nxe4 13. Bd3 Nc5 14. Ng5 h6 15. Ne4 Nxd3 16. Qxd3 Bf5 17. Qe2 g5 18. Bd2 Bg6 19. Rbc1 f5 20. Nc3 Rfe8 21. b4 axb4 22. axb4 e4 23. f4 e3 24. Be1 gxf4 25. Rxf4 Be5 26. Rf1 Qg5 27. Nd1 f4 28. c5 Bh5 29. Qd3 e2 30. Nc3 exf1Q+ 31. Kxf1 Bxc3 32. Qxc3 Be2+ 33. Kg1 f3 34. g3 Qe5 35. Qxe5 Rxe5 36. Kf2 Ra2 37. c6 b6 38. Bc3 0-1

[Event "FRA-ch U18 Girls"]
[Site "Agen"]
[Date "2022.04.19"]
[Round "4"]
[White "Lordier, Sophia"]
[Black "Moracchini, Margaux"]
[Result "1/2-1/2"]
[WhiteElo "1706"]
[BlackElo "1975"]
[PlyCount "67"]
[EventDate "2022.04.16"]
[EventType "swiss"]
[EventRounds "9"]
[EventCountry "FRA"]
[SourceTitle "EXT 2023"]
[Source "ChessBase"]
[SourceDate "2022.10.05"]
[SourceVersion "1"]
[SourceVersionDate "2022.10.05"]
[SourceQuality "1"]

1. d4 Nf6 2. c4 g6 3. Nc3 Bg7 4. e4 d6 5. Nf3 0-0 6. Be2 e5 7. dxe5 dxe5 8. Qxd8 Rxd8 9. Bg5 Re8 10. 0-0-0 h6 11. Bxf6 Bxf6 12. Nd5 Bd8 13. Ne1 c6 14. Nc3 Be6 15. Nc2 a5 16. b3 Na6 17. a3 Be7 18. Kb2 Red8 19. f3 Kf8 20. Na4 Ke8 21. Nb6 Rxd1 22. Rxd1 Rd8 23. Rxd8+ Kxd8 24. Kc3 Kc7 25. Na4 f5 26. b4 axb4+ 27. axb4 Nb8 28. Bd3 f4 29. c5 Nd7 30. Bc4 Bxc4 31. Kxc4 b5+ 32. cxb6+ Nxb6+ 33. Nxb6 Kxb6 34. Ne1 1/2-1/2